| 000 | 00868nam a2200169 a 4500 | ||
|---|---|---|---|
| 008 | 100209s1980 ||||||||||||||||| || u | ||
| 050 | _aGOV.ZAM.W6(058) | ||
| 110 | _aGovernment of the Republic of Zambia. Ministry of Public Works | ||
| 245 | 1 | 0 | _aMinistry of public works roads department annual report for the year ended... |
| 260 |
_aLusaka: _bGovernment Printer _c1980 |
||
| 350 | _a0.00 | ||
| 500 | _aHoldings December 1977; 1979 | ||
| 650 | _aROADS | ||
| 650 | _aPUBLIC SERVICE--ROAD MAINTENANCE--HOME AFFAIRS, ZAMBIA | ||
| 995 |
_aSPECIAL COLLECTIONS _D0.00 _e03005827 _FCBU-MAIN LIBRARY (Kitwe) _H1 _I0.00 _jGOV.ZAM.W6(058)RD/1980 _M1977 _UAVAILABLE _WFeb 9, 2010 _yZ03005827 _ZZambiana Collection |
||
| 995 |
_aSPECIAL COLLECTIONS _D0.00 _e03005829 _FCBU-MAIN LIBRARY (Kitwe) _H1 _I0.00 _jGOV.ZAM.W6(058)RD/1980 _M1979 _UAVAILABLE _WFeb 9, 2010 _yZ03005829 _ZZambiana Collection |
||
| 999 |
_c77692 _d77692 |
||